PREMCHAND’S KAZAKI AND OTHER MARVELLOUS TALES (Record no. 33463)

MARC details
000 -LEADER
fixed length control field 00279nam a22001217a 4500
003 - CONTROL NUMBER IDENTIFIER
control field SGT
082 ## - DEWEY DECIMAL CLASSIFICATION NUMBER
Classification number 891.433
Item number PRE
100 ## - MAIN ENTRY--PERSONAL NAME
Personal name PREMCHAND MUNSHI
245 ## - TITLE STATEMENT
Title PREMCHAND’S KAZAKI AND OTHER MARVELLOUS TALES
260 ## - PUBLICATION, DISTRIBUTION, ETC. (IMPRINT)
Place of publication, distribution, etc INDIA
Name of publisher, distributor, etc HACHETTE
Year of Publication 2013
300 ## - PAGE DESCRIPTION
No. of Pages 188
942 ## - ADDED ENTRY ELEMENTS (KOHA)
Source of classification or shelving scheme Dewey Decimal Classification
Koha item type Books
Holdings
Withdrawn status Lost status Source of classification or shelving scheme Damaged status Not for loan Collection code Home library Current library Shelving location Date acquired SGTU Total Checkouts Full call number Accession No. (Barcode) Date last seen Bill Date Koha item type
    Dewey Decimal Classification     MASS COMMUNICATION SGT Science & Social Sciences Library SGT Science & Social Sciences Library Text Book 22/01/2026 SGTU   891.433 PRE MC1301 22/01/2026 22/01/2026 Books